000 01156nam0a2200313 4500
001 RU\NLR\BIBL_A\011660023
005 20180615165238.0
010 _a978-5-00117-023-5
_94000
021 _aRU
_bКН-П-18-011088
_9КН-П-18-0777
035 _a(NLR Aleph) 011660023
035 _a(RuMoRGB)009532422
090 _a11175773
_c11175773
100 _a20180319d2018 m y0rusy50 ca
101 1 _arus
_ceng
102 _aRU
105 _ay z 000zy
200 1 _aКак искусство может сделать вас счастливее
_fБриджит Пейн
_g[перевод с английского Анастасии Семиной]
210 _aМосква
_cМанн, Иванов и Фербер
_d2018
215 _a111 с.
_d21
320 _aБиблиогр.: с. 109-111
606 1 _aЖивопись
_xВосприятие
_xПсихологические основы
_2nlr_sh2
_3RU\NLR\AUTH\6601568694
686 1 _aЮ945.42
686 1 _aЮ802.451.4
700 1 _aПейн
_bБ.
_gБриджит
942 _cBOOK
980 _aNBR
980 _aNB